header

Indians on display (Record no. 25885)

MARC details
000 -LEADER
fixed length control field 01559nam a2200385 a 4500
082 04 - DEWEY DECIMAL CLASSIFICATION NUMBER
Classification number 305.897
245 00 - TITLE STATEMENT
Title Indians on display
260 ## - PUBLICATION, DISTRIBUTION, ETC. (IMPRINT)
Place of publication Walnut Creek, Calif. :
Name of publisher Left Coast Press, Inc.,
Year of publication 2013.
300 ## - PHYSICAL DESCRIPTION
Number of Pages 226 p.
650 #0 - SUBJECT ADDED ENTRY--TOPICAL TERM
Topical Term Indians of North America
Topical Term Indians in popular culture.
Topical Term Indians in art.
Topical Term Museum exhibits
Topical Term Indians of North America
Topical Term Folklore
Topical Term Public opinion
856 40 - ELECTRONIC LOCATION AND ACCESS
Uniform Resource Identifier http://site.ebrary.com/lib/rucke/Doc?id=10716912

No items available.

© 2026 Rongo University
Contact us: librarian | system librarian | Rongo university